Регионална библиотека "Любен Каравелов" - Русе

Малката кибритопродавачка (Запис номер 161656)

MARC детайли
000 -Лидер
Контролно поле с фиксирана дължина 01411nam a2200361 c 4500
003 - Код на организацията, давaща контролен номер
Контролно поле BLK
005 - Дата и час на последна редакция
Контролно поле 20250123100045.0
008 - Елементи от данни с фиксирана дължина
fixed length control field 180410b bul|||||r ||||||| ||bul||
010 ## - Наследен системен номер
LC control number KNG00168986000
040 ## - Източник на каталожния запис
Идентификатор на билиотеката - собственик на записа BLK
041 ## - Код за език
Код за езика на текст/звукозапис или на отделно заглавие Български
Код за езика КДБФ Български
072 #7 - Код за тематичната категория
Код организация bullib
Код за тематична категория К
Текст Краезнание
080 ## - УДК
Текстов определител УДК Българска литература
УДК код - определител по УДК 821.163.2
УДК определител -93-293
УДК - код + определител 821.163.2-93-293
100 1# - Редна дума - Автор
Автор Тодоров, Димитър Ф.
Авторска отговорност първи автор
R(LIN) 335286
139 ## - Редно поле
Редна дума Тодоров, Димитър Ф.
Авторски знак Тодо - Т 64
245 10 - Сведения за заглавието
Заглавие Малката кибритопродавачка
Подзаглавни данни Детска оперетка
Редно поле (дума) Димитър Ф. Тодоров; музика Христо Илиев; по Ханс Кристиан Андерсен.
257 ## - Страна на издаване
Страна на създаване/издаване България
260 ## - Област на издателските данни
Година на издаване 1915
Печатница Русе : Братя Златеви
300 ## - Физическа характеристика
Страници 20 с.
Размери/Мащаб 20 см
380 ## - Жанр
Жанр Худож. лит.
490 1# - СЕРИИ (Колекции)
Име на серия Библиотека Детски театър
№: серия Г. І, № 1
659 ## - Тематичен бюлетин
Тематичен бюлетин К
700 1# - Други автори (авторска отговорност)
Лично име Илиев, Христо
Автороска отговорност (Описва отношението между автора и произведението) музика
9 (RLIN) 381743
700 ## - Други автори (авторска отговорност)
Лично име Андерсен, Ханс Кристиан
Дати, свързани с автора 1805 - 1875
9 (RLIN) 363318
852 ## - Местоположение
Форматна сигнатура Цб 123284
852 ## - Местоположение
Форматна сигнатура К 821.163.2/Т 64 Д
856 4# - Електронен адрес и достъп
Електронен формат pdf - файл
856 4# - Електронен адрес и достъп
Електронен формат pdf - файл
999 ## - СИСТЕМНИ КОНТРОЛНИ НОМЕРА
Koha biblionumber 161656
Koha biblioitemnumber 161656
942 ## - АРТИКУЛИ
Вид на библиотечния материал Книги
Скрит в OPAC Не
Периодичен библиозапис Да
Koha issues (borrowed), all copies 1
944 ## - СЪЗДАВАНЕ И РЕДАКЦИЯ на ЗАПИСА
Създаване/Редакция Създаване
Дата на регистрацията/редакция 18.12.2014
Статус, дата на статуса Валя Йорданова
Служител, извършил регистрацията/редакцията 30558
944 ## - СЪЗДАВАНЕ И РЕДАКЦИЯ на ЗАПИСА
Създаване/Редакция Редакция
Дата на регистрацията/редакция 20.12.2014
Статус, дата на статуса 18.12.2014 - от С1,Р / 18.12.2014
Служител, извършил регистрацията/редакцията Геновева_Генчева
999 ## - СИСТЕМНИ КОНТРОЛНИ НОМЕРА
Koha biblioitemnumber 161656
Наличности
Код за отписване Код за изгубен артикул Източник на класификационната схема Код за повреда Коз за рестрикции Код за отдаване Артикулен № Име на библиотеката - собственик Име на библиотеката, в която се намира в момента Статус (Текущо местоположение) Дата на вписване в системата Местоположение - отдел Цена в лева Инвентарен номер Систематично азбучна сигнатура Баркод Номер на екземпляра Цена в евро Служебна бележка Служебен тип на артикула
  Не е изгубен Universal Decimal Classification Не е повреден без рестрикции ползва се в читалня 270105 Регионална библиотека "Любен Каравелов" Русе Регионална библиотека "Любен Каравелов" Русе Хранилище 1915-01-01 Основен фонд - ползва се само за читалня 2.00 378721 Цб 123284 900000011329 1 1.02 Вид: Сф Дата: 01.01.1915 Книги
  Не е изгубен Universal Decimal Classification Не е повреден без рестрикции ползва се в читалня 270106 Регионална библиотека "Любен Каравелов" Русе Регионална библиотека "Любен Каравелов" Русе Краезнание 1915-01-01 Краезнание 0.30 16043/67 К 821.163.2/Т 64 Д 900000003676 2 0.15 Вид: Сф Дата: 01.01.1915 Дата инв: 15.11.2017 Бележки инв: К2017 Книги
Vip Innovations Ltd, Rousse, Bulgaria 2025